[Event "12th Rubinstein Memorial"]
[Site "Polanica Zdroj POL"]
[Date "1974.08.07"]
[Round "1"]
[White "Doda, Zbigniew"]
[Black "Lombard, Andre"]
[WhiteElo "2410"]
[BlackElo "2410"]
[Result "0-1"]
[EventDate "1974.08.07"]
[PlyCount "72"]
1. Nf3 Nf6 2. g3 d5 3. Bg2 g6 4. c4 dxc4 5. Qa4+ Nfd7 6. Qxc4 Bg7 7. O-O O-O 8. d3 c5 9. Nc3 Nc6 10. Qh4 e6 11. Qxd8 Rxd8 12. Bg5 f6 13. Be3 e5 14. Nb5 Bf8 15. Rac1 Nd4 16. Nfxd4 exd4 17. Bd2 Ne5 18. Ba5 Rd7 19. Nc7 Rb8 20. Nd5 Kg7 21. Bc7 Ra8 22. b4 cxb4 23. Bxe5 fxe5 24. Nc7 Rb8 25. Ne6+ Kg8 26. f4 Bh6 27. fxe5 Re7 28. Nf4 Rxe5 29. Rc7 Bf5 30. Nd5 Bg5 31. g4 Be6 32. Nf6+ Bxf6 33. Rxf6 Bxa2 34. Rd6 b3 35. Rdd7 b2 36. Rg7+ Kf8 0-1

[Event "12th Rubinstein Memorial"]
[Site "Polanica Zdroj POL"]
[Date "1974.08.07"]
[Round "1"]
[White "Farago, Ivan"]
[Black "Filipowicz, Andrzej"]
[WhiteElo "2475"]
[BlackElo "2430"]
[Result "1/2-1/2"]
[EventDate "1974.08.07"]
[PlyCount "68"]
1. d4 Nf6 2. c4 c5 3. d5 e6 4. Nc3 exd5 5. cxd5 d6 6. e4 g6 7. f4 Bg7 8. Bb5+ Nfd7 9. Bd3 O-O 10. Nf3 Na6 11. O-O Nc7 12. Nd2 Nf6 13. h3 Nh5 14. Qf3 b5 15. Nxb5 Nxb5 16. Bxb5 Rb8 17. a4 a6 18. Bc6 Bd4+ 19. Kh1 Qh4 20. Ra3 Rb4 21. g4 Nf6 22. Qg3 Qxg3 23. Rxg3 Bxb2 24. Bxb2 Rxb2 25. Rd3 Rb4 26. e5 Ne4 27. Nxe4 Rxe4 28. exd6 Rd8 29. Rb3 Rxd6 30. Rb8 Rd8 31. d6 Rb4 32. Ra8 Rb6 33. Bg2 Rbxd6 34. Rc1 Be6 1/2-1/2

[Event "12th Rubinstein Memorial"]
[Site "Polanica Zdroj POL"]
[Date "1974.08.07"]
[Round "1"]
[White "Sznapik, Aleksander"]
[Black "Lechtynsky, Jiri"]
[WhiteElo "2325"]
[BlackElo "2390"]
[Result "1/2-1/2"]
[EventDate "1974.08.07"]
[PlyCount "84"]
1. e4 e6 2. d4 d5 3. Nd2 Nf6 4. e5 Nfd7 5. Bd3 c5 6. c3 Nc6 7. Ne2 cxd4 8. cxd4 Qb6 9. Nf3 f6 10. exf6 Nxf6 11. O-O Bd6 12. Nc3 Bd7 13. Re1 O-O 14. Be3 Rae8 15. Ne5 Bxe5 16. dxe5 Qxb2 17. Bd2 Ne4 18. Nxe4 dxe4 19. Rxe4 Qb6 20. Be3 Qd8 21. Qh5 Rf5 22. Qh3 Bc8 23. Rd1 Qe7 24. Rh4 g6 25. Bxf5 exf5 26. Qg3 Nxe5 27. Rhd4 Nc6 28. R4d2 Be6 29. h4 Bf7 30. Rd7 Qb4 31. Qc7 Qg4 32. R1d2 Ne5 33. Kf1 Bc4+ 34. Ke1 Nf3+ 35. Kd1 Nxd2+ 36. Kxd2 Qe2+ 37. Kc3 Bf7 38. Rxf7 Rxe3+ 39. fxe3 Qxe3+ 40. Kb4 Qd4+ 41. Ka3 Qd3+ 42. Kb2 Qd2+ 1/2-1/2

[Event "12th Rubinstein Memorial"]
[Site "Polanica Zdroj POL"]
[Date "1974.08.08"]
[Round "2"]
[White "Adamski, Jan"]
[Black "Filipowicz, Andrzej"]
[WhiteElo "2405"]
[BlackElo "2430"]
[Result "1/2-1/2"]
[EventDate "1974.08.07"]
[PlyCount "61"]
1. Nf3 c5 2. b3 Nc6 3. Bb2 Nf6 4. c4 e6 5. g3 Be7 6. Bg2 O-O 7. d4 d5 8. cxd5 Qxd5 9. O-O Qf5 10. dxc5 Bxc5 11. Nbd2 Rd8 12. Rc1 Bb6 13. Qc2 Qxc2 14. Rxc2 Bd7 15. a3 Rac8 16. Rfc1 Na5 17. b4 Rxc2 18. Rxc2 Nc6 19. Nc4 Bc7 20. Nce5 Bb6 21. Nxd7 Rxd7 22. Ne5 Rd1+ 23. Bf1 Ne4 24. Nxc6 bxc6 25. Rxc6 h5 26. Kg2 Bxf2 27. Rc4 Nd6 28. Rc1 Rxc1 29. Bxc1 Bd4 30. e3 Bc3 31. Be2 1/2-1/2

[Event "12th Rubinstein Memorial"]
[Site "Polanica Zdroj POL"]
[Date "1974.08.08"]
[Round "2"]
[White "Knaak, Rainer"]
[Black "Sznapik, Aleksander"]
[WhiteElo "2515"]
[BlackElo "2325"]
[Result "1-0"]
[EventDate "1974.08.07"]
[PlyCount "79"]
1. d4 Nf6 2. c4 d6 3. Nc3 Bf5 4. f3 e5 5. d5 e4 6. g4 Bg6 7. g5 Nfd7 8. fxe4 h6 9. Nf3 hxg5 10. Bxg5 Be7 11. Bxe7 Qxe7 12. Qd4 Na6 13. O-O-O Nac5 14. Qxg7 O-O-O 15. Qd4 Kb8 16. Nd2 Rh4 17. Bg2 Qg5 18. Rdg1 Qh6 19. b4 Na6 20. a3 f5 21. Kb2 Ne5 22. Nf3 Nxf3 23. Bxf3 fxe4 24. Qf6 Qd2+ 25. Kb3 Rhh8 26. Rxg6 exf3 27. Qxf3 Rdf8 28. Rf6 Rc8 29. h4 Qd4 30. h5 c6 31. Qf4 Qb6 32. Qxd6+ Nc7 33. dxc6 Rcd8 34. Qf4 bxc6 35. Nd5 Rxd5 36. cxd5 Re8 37. Rxc6 Re3+ 38. Kb2 Rxe2+ 39. Kb1 Qb7 40. Qxc7+ 1-0

[Event "12th Rubinstein Memorial"]
[Site "Polanica Zdroj POL"]
[Date "1974.08.08"]
[Round "2"]
[White "Lechtynsky, Jiri"]
[Black "Suetin, Alexei"]
[WhiteElo "2390"]
[BlackElo "2505"]
[Result "1/2-1/2"]
[EventDate "1974.08.07"]
[PlyCount "95"]
1. e4 c5 2. c3 e6 3. d4 d5 4. exd5 Qxd5 5. Nf3 Nf6 6. Na3 Be7 7. Nb5 Na6 8. Be2 cxd4 9. Qxd4 O-O 10. O-O Bd7 11. Bg5 Qxd4 12. Nbxd4 Nc5 13. Ne5 h6 14. Bxf6 Bxf6 15. Nxd7 Nxd7 16. Rfd1 Rfd8 17. Nb3 Ne5 18. Nc5 b6 19. Ne4 Be7 20. f4 Ng6 21. g3 Nf8 22. Rxd8 Rxd8 23. Rd1 Rxd1+ 24. Bxd1 g5 25. fxg5 hxg5 26. g4 Kg7 27. Kf2 Ng6 28. b4 f5 29. Ng3 Kf6 30. Bb3 Ke5 31. gxf5 exf5 32. Bc2 Nh4 33. Ne2 Bd6 34. h3 Kf6 35. a3 Be5 36. a4 Ng6 37. Ke3 Ne7 38. Bb3 f4+ 39. Ke4 Nf5 40. c4 Bd6 41. Nc3 f3 42. Nd5+ Kg6 43. Bc2 f2 44. Ne3 Nxe3 45. Kxe3+ Kf6 46. Kxf2 Bxb4 47. Ke3 Ke5 48. Bd1 1/2-1/2

[Event "12th Rubinstein Memorial"]
[Site "Polanica Zdroj POL"]
[Date "1974.08.08"]
[Round "2"]
[White "Nicevski, Risto"]
[Black "Farago, Ivan"]
[WhiteElo "2430"]
[BlackElo "2475"]
[Result "1/2-1/2"]
[EventDate "1974.08.07"]
[PlyCount "31"]
1. e4 e6 2. Qe2 c5 3. Nf3 Nc6 4. g3 g6 5. Bg2 Bg7 6. O-O Nge7 7. d3 O-O 8. e5 d6 9. exd6 Qxd6 10. Nbd2 b6 11. Nc4 Qd8 12. Re1 Bb7 13. a4 Nf5 14. c3 Nd6 15. Bg5 Qd7 16. Nfe5 1/2-1/2

[Event "12th Rubinstein Memorial"]
[Site "Polanica Zdroj POL"]
[Date "1974.08.09"]
[Round "3"]
[White "Doda, Zbigniew"]
[Black "Lechtynsky, Jiri"]
[WhiteElo "2410"]
[BlackElo "2390"]
[Result "1/2-1/2"]
[EventDate "1974.08.07"]
[PlyCount "99"]
1. Nf3 Nf6 2. c4 g6 3. Nc3 Bg7 4. g3 O-O 5. Bg2 d5 6. cxd5 Nxd5 7. O-O e5 8. Nxd5 Qxd5 9. d3 Nc6 10. Be3 Qb5 11. Rb1 a5 12. a4 Qb4 13. Qc2 Re8 14. Bc5 Qg4 15. h3 Qd7 16. Rfe1 Ra6 17. Rbc1 Nd8 18. Be3 Rc6 19. Qb3 e4 20. dxe4 Rxe4 21. Rcd1 Rd6 22. Rxd6 cxd6 23. Qc2 d5 24. b3 Nc6 25. Rd1 Qe8 26. Qc5 Rb4 27. Rxd5 Be6 28. Rd3 Bf5 29. Rd2 Rxb3 30. Kh2 Bf8 31. Qd5 Be6 32. Qg5 h6 33. Qf4 Rb4 34. Qc7 Qc8 35. Qxc8 Bxc8 36. Nd4 Nxd4 37. Rxd4 Rxd4 38. Bxd4 Bd7 39. Bxb7 Bxa4 40. Bd5 Bd1 41. e4 Bf3 42. g4 Bd6+ 43. e5 Bxe5+ 44. Bxe5 Bxd5 45. Kg3 a4 46. Bb2 Kf8 47. h4 Ke7 48. h5 gxh5 49. gxh5 Ke6 50. Bc1 1/2-1/2

[Event "12th Rubinstein Memorial"]
[Site "Polanica Zdroj POL"]
[Date "1974.08.09"]
[Round "3"]
[White "Filipowicz, Andrzej"]
[Black "Nicevski, Risto"]
[WhiteElo "2430"]
[BlackElo "2430"]
[Result "1-0"]
[EventDate "1974.08.07"]
[PlyCount "87"]
1. e4 c5 2. Nf3 Nc6 3. d4 cxd4 4. Nxd4 Nf6 5. Nc3 e5 6. Ndb5 d6 7. a4 a6 8. Na3 Be6 9. Bc4 Rc8 10. Bg5 Nb4 11. b3 Be7 12. Bxf6 Bxf6 13. O-O O-O 14. Nd5 Nc6 15. Qd3 Bg5 16. Rad1 Kh8 17. c3 f5 18. Ne3 fxe4 19. Qxd6 Bxe3 20. Qxd8 Rcxd8 21. Rxd8 Rxd8 22. fxe3 Bxc4 23. Nxc4 Kg8 24. a5 Rd3 25. Rc1 Kf7 26. Kf2 Ke6 27. Ke2 Ne7 28. Nb2 Rd5 29. b4 Nf5 30. Na4 Kd6 31. Nc5 Kc6 32. Nxe4 Rd8 33. Rf1 Nd6 34. Rd1 Nf7 35. Rxd8 Nxd8 36. Kd3 Nf7 37. h3 Kb5 38. Nc5 Nd6 39. Nd7 Nf7 40. Ke4 Ng5+ 41. Kf5 Nf7 42. Ke6 Nh6 43. Nxe5 Ka4 44. Ng4 1-0

[Event "12th Rubinstein Memorial"]
[Site "Polanica Zdroj POL"]
[Date "1974.08.09"]
[Round "3"]
[White "Kirov, Nino"]
[Black "Schmidt, Wlodzimierz"]
[WhiteElo "2465"]
[BlackElo "2500"]
[Result "1-0"]
[EventDate "1974.08.07"]
[PlyCount "32"]
1. Nf3 g6 2. c4 Bg7 3. d4 Nf6 4. g3 c5 5. Bg2 cxd4 6. Nxd4 Nc6 7. O-O O-O 8. Nc3 Nxd4 9. Qxd4 d6 10. Qd3 a6 11. Be3 Ng4 12. Bd4 Ne5 13. Qd1 Be6 14. Bxb7 Rb8 15. Bxa6 Qa5 16. Bb5 Rfc8 1-0

[Event "12th Rubinstein Memorial"]
[Site "Polanica Zdroj POL"]
[Date "1974.08.09"]
[Round "3"]
[White "Suetin, Alexei"]
[Black "Knaak, Rainer"]
[WhiteElo "2505"]
[BlackElo "2515"]
[Result "1-0"]
[EventDate "1974.08.07"]
[PlyCount "89"]
1. e4 Nc6 2. Nf3 e5 3. Bb5 a6 4. Ba4 d6 5. O-O Bd7 6. d4 Nf6 7. c4 exd4 8. Nxd4 b5 9. Bb3 Nxd4 10. Qxd4 Be7 11. Nc3 O-O 12. Re1 b4 13. Nd5 Nxd5 14. cxd5 a5 15. a4 Bf6 16. Qd3 Qe7 17. Re2 Qe5 18. Be3 Rfe8 19. f3 Qh5 20. Rc1 Rac8 21. Rf2 Qg6 22. Bc4 Bh4 23. Re2 f5 24. exf5 Bxf5 25. Qd2 Re7 26. Bb5 Rf8 27. Rf1 Bf6 28. Rfe1 h5 29. Bd4 Rxe2 30. Rxe2 Bxd4+ 31. Qxd4 Qg5 32. f4 Qg6 33. Re7 h4 34. Kf2 Bb1 35. Bd7 Kh7 36. Kg1 Qh6 37. g3 hxg3 38. hxg3 Rf6 39. Kg2 Qg6 40. g4 Qc2+ 41. Kg3 Qb3+ 42. Re3 Qc2 43. Qxf6 gxf6 44. Bf5+ Qxf5 45. gxf5 1-0

[Event "12th Rubinstein Memorial"]
[Site "Polanica Zdroj POL"]
[Date "1974.08.09"]
[Round "3"]
[White "Sznapik, Aleksander"]
[Black "Adamski, Jan"]
[WhiteElo "2325"]
[BlackElo "2405"]
[Result "1-0"]
[EventDate "1974.08.07"]
[PlyCount "100"]
1. c4 Nf6 2. Nc3 e6 3. e4 c5 4. Nf3 Nc6 5. d4 cxd4 6. Nxd4 Bb4 7. Nxc6 dxc6 8. Qc2 O-O 9. Bd3 e5 10. O-O Be6 11. Bg5 h6 12. Bh4 Be7 13. Rad1 Nd7 14. Bg3 Bc5 15. Kh1 Qe7 16. Be2 f6 17. f4 exf4 18. Bxf4 Ne5 19. Na4 Bd6 20. c5 Bc7 21. b4 Rad8 22. Nb2 Bxa2 23. Ra1 Bf7 24. Rxa7 Bb8 25. Ra3 Rd4 26. Rg3 Rxb4 27. h4 Nd7 28. Bxb8 Rxb8 29. Qd2 Rb3 30. Nd3 Kh8 31. Bd1 Ra3 32. Qb4 Ra1 33. Qd4 Rba8 34. Nf4 Nxc5 35. Re1 Qe5 36. Qe3 Qxe4 37. Qf2 Qb4 38. Kh2 Rd8 39. Re7 Rf8 40. Qe3 Rxd1 41. Rxf7 Nd7 42. Rfxg7 Qc5 43. Qxc5 Nxc5 44. Re7 Rg8 45. Ng6+ Rxg6 46. Rxg6 Nd7 47. Rxh6+ Kg8 48. Rhh7 Ne5 49. Reg7+ Kf8 50. Rxb7 Kg8 1-0

[Event "12th Rubinstein Memorial"]
[Site "Polanica Zdroj POL"]
[Date "1974.08.10"]
[Round "4"]
[White "Adamski, Jan"]
[Black "Nicevski, Risto"]
[WhiteElo "2405"]
[BlackElo "2430"]
[Result "1-0"]
[EventDate "1974.08.07"]
[PlyCount "83"]
1. Nf3 g6 2. d4 Bg7 3. c4 d6 4. Nc3 Bg4 5. e3 Qc8 6. Be2 e5 7. O-O Ne7 8. d5 O-O 9. e4 a5 10. Be3 Na6 11. Nd2 Bd7 12. Rb1 f5 13. f3 f4 14. Bf2 g5 15. a3 Rf6 16. b4 axb4 17. axb4 Qe8 18. c5 Qh5 19. Re1 Raf8 20. c6 Bc8 21. cxb7 Bxb7 22. Ra1 Nb8 23. Ra7 Bc8 24. Rxc7 Ng6 25. Na4 Bd7 26. Nb6 Be8 27. Rb7 Bf7 28. Qa4 Nh4 29. Qa7 Rh6 30. Nf1 Nxg2 31. Kxg2 g4 32. fxg4 Qh3+ 33. Kg1 f3 34. Bxf3 Qxf3 35. Bg3 Qxg4 36. Rxb8 Be8 37. Ne3 Qxe4 38. Nd7 Bxd7 39. Rxf8+ Bxf8 40. Qxd7 Rg6 41. Qf5 Qd4 42. Kh1 1-0

[Event "12th Rubinstein Memorial"]
[Site "Polanica Zdroj POL"]
[Date "1974.08.10"]
[Round "4"]
[White "Lombard, Andre"]
[Black "Barczay, Laszlo"]
[WhiteElo "2410"]
[BlackElo "2440"]
[Result "0-1"]
[EventDate "1974.08.07"]
[PlyCount "78"]
1. c4 Nf6 2. Nf3 c6 3. Nc3 d6 4. d4 g6 5. g3 Bg7 6. Bg2 O-O 7. O-O Nbd7 8. e4 e5 9. h3 Qb6 10. d5 Nc5 11. Re1 cxd5 12. cxd5 Bd7 13. Rb1 a5 14. Bf1 Ne8 15. Be3 Rc8 16. Qd2 Nc7 17. Rec1 N7a6 18. b3 f5 19. Na4 Qd8 20. Nxc5 Nxc5 21. Bxc5 dxc5 22. Re1 Qf6 23. exf5 e4 24. Nh4 gxf5 25. Ng2 b6 26. Rbd1 Qd6 27. Nf4 Bd4 28. Kh2 Kh8 29. a4 Rg8 30. Bb5 Bxb5 31. axb5 Be5 32. Qe3 a4 33. bxa4 Ra8 34. Ne6 Rxa4 35. f4 Bf6 36. Qe2 Bd4 37. Qh5 Qxd5 38. Ng5 Ra2+ 39. Kh1 e3+ 0-1

[Event "12th Rubinstein Memorial"]
[Site "Polanica Zdroj POL"]
[Date "1974.08.10"]
[Round "4"]
[White "Schmidt, Wlodzimierz"]
[Black "Garcia Martinez, Silvino"]
[WhiteElo "2500"]
[BlackElo "2400"]
[Result "1/2-1/2"]
[EventDate "1974.08.07"]
[PlyCount "42"]
1. Nf3 g6 2. c4 Bg7 3. d4 c5 4. e4 Qa5+ 5. Bd2 Qb6 6. Bc3 cxd4 7. Bxd4 Bxd4 8. Qxd4 Qxd4 9. Nxd4 Nc6 10. Nb5 Rb8 11. N1c3 Nf6 12. Nc7+ Kf8 13. N7d5 Kg7 14. Rc1 d6 15. Be2 Be6 16. O-O Nd4 17. Bd3 Bxd5 18. cxd5 e5 19. dxe6 fxe6 20. f3 Rhc8 21. Nb5 Nxb5 1/2-1/2

[Event "12th Rubinstein Memorial"]
[Site "Polanica Zdroj POL"]
[Date "1974.08.11"]
[Round "5"]
[White "Doda, Zbigniew"]
[Black "Sznapik, Aleksander"]
[WhiteElo "2410"]
[BlackElo "2325"]
[Result "1/2-1/2"]
[EventDate "1974.08.07"]
[PlyCount "34"]
1. Nf3 g6 2. g3 Bg7 3. Bg2 d6 4. d4 Nf6 5. O-O O-O 6. c4 Nc6 7. Nc3 a6 8. d5 Na5 9. b3 c5 10. dxc6 Nxc6 11. Bb2 Bd7 12. Qd2 Rb8 13. Nd5 Nxd5 14. cxd5 Bxb2 15. Qxb2 Nb4 16. Qd2 a5 17. Rfd1 Rc8 1/2-1/2

[Event "12th Rubinstein Memorial"]
[Site "Polanica Zdroj POL"]
[Date "1974.08.11"]
[Round "5"]
[White "Farago, Ivan"]
[Black "Lombard, Andre"]
[WhiteElo "2475"]
[BlackElo "2410"]
[Result "1/2-1/2"]
[EventDate "1974.08.07"]
[PlyCount "72"]
1. d4 Nf6 2. c4 e6 3. Nc3 Bb4 4. Qc2 O-O 5. Nf3 d6 6. Bd2 Qe7 7. a3 Bxc3 8. Bxc3 Nbd7 9. e4 e5 10. Bd3 exd4 11. Nxd4 Nc5 12. f3 d5 13. cxd5 Nxd5 14. Bc4 Ne3 15. Qe2 Qg5 16. Kf2 Nxc4 17. Qxc4 Be6 18. Nxe6 Nxe6 19. g3 Rad8 20. Rad1 c5 21. Rd5 Rxd5 22. exd5 b5 23. h4 Qd8 24. Qe4 Nc7 25. Rd1 Qd7 26. d6 Ne6 27. Qf5 Rd8 28. Rd5 Qc6 29. Qe5 b4 30. axb4 cxb4 31. Bxb4 Qb6+ 32. Bc5 Nxc5 33. Rxc5 g6 34. h5 Qxd6 35. Qxd6 Rxd6 36. h6 Kf8 1/2-1/2

[Event "12th Rubinstein Memorial"]
[Site "Polanica Zdroj POL"]
[Date "1974.08.11"]
[Round "5"]
[White "Garcia Martinez, Silvino"]
[Black "Lechtynsky, Jiri"]
[WhiteElo "2400"]
[BlackElo "2390"]
[Result "1-0"]
[EventDate "1974.08.07"]
[PlyCount "85"]
1. c4 Nf6 2. Nc3 g6 3. e4 d6 4. d4 Bg7 5. f3 c6 6. Be3 a6 7. a4 a5 8. Bd3 Na6 9. Rc1 Nd7 10. Nge2 e5 11. O-O exd4 12. Nxd4 Nac5 13. Bc2 Ne5 14. b3 O-O 15. Qd2 Qc7 16. Rcd1 b6 17. Kh1 Ba6 18. Bh6 Bxh6 19. Qxh6 Ne6 20. Nf5 Rad8 21. f4 Ng4 22. Qh4 gxf5 23. exf5 h5 24. Qxh5 Ng7 25. Qxg4 f6 26. Rf3 Qe7 27. Rh3 Rfe8 28. Be4 Bb7 29. Re3 Qf7 30. Rde1 d5 31. cxd5 cxd5 32. Bd3 Rxe3 33. Rxe3 d4 34. Bc4 dxe3 35. Bxf7+ Kxf7 36. Qg6+ Kg8 37. Qxf6 Rd2 38. Qe7 Rc2 39. h4 Bxg2+ 40. Kg1 Rxc3 41. f6 Rc1+ 42. Kxg2 Rc2+ 43. Kh3 1-0

[Event "12th Rubinstein Memorial"]
[Site "Polanica Zdroj POL"]
[Date "1974.08.13"]
[Round "6"]
[White "Lombard, Andre"]
[Black "Filipowicz, Andrzej"]
[WhiteElo "2410"]
[BlackElo "2430"]
[Result "0-1"]
[EventDate "1974.08.07"]
[PlyCount "182"]
1. Nf3 c5 2. b3 Nc6 3. Bb2 Nf6 4. e3 e6 5. Bb5 Be7 6. Bxc6 bxc6 7. d3 d6 8. Nfd2 e5 9. O-O O-O 10. e4 Ng4 11. h3 Nh6 12. f4 exf4 13. Rxf4 Bg5 14. Rf3 f5 15. Nc3 d5 16. exd5 cxd5 17. Na4 Re8 18. Nxc5 Qa5 19. b4 Qxb4 20. Ndb3 Be3+ 21. Rxe3 Rxe3 22. Bd4 Re7 23. Qf3 Bb7 24. c3 Qb5 25. a4 Qe8 26. Na5 Bc6 27. Qg3 Rc8 28. Rf1 Qg6 29. Qf4 Re2 30. Rf2 Rxf2 31. Kxf2 Nf7 32. Nxc6 Qxc6 33. Qxf5 Nh6 34. Qe6+ Qxe6 35. Nxe6 Nf5 36. Bxa7 Rxc3 37. g4 Ne7 38. Ke3 Nc6 39. Bb6 Ra3 40. Nc5 Kf7 41. Kf4 g6 42. h4 Ra1 43. Bc7 Rc1 44. Bd6 Rh1 45. Kg3 Rb1 46. Bc7 Rb4 47. Bd6 Na5 48. Kf3 Nb7 49. Nxb7 Rxb7 50. Bc5 Rb1 51. a5 Ra1 52. Bb6 Ra4 53. d4 Ke6 54. Kf4 h6 55. Kf3 Ra3+ 56. Kf4 Kf6 57. g5+ hxg5+ 58. hxg5+ Ke6 59. Kg4 Ra1 60. Kf4 Ra3 61. Kg4 Ra4 62. Kf4 Ra1 63. Kg4 Kd7 64. Kf4 Rf1+ 65. Kg4 Kc6 66. Kg3 Kb5 67. Kg4 Re1 68. Kf4 Re6 69. Kf3 Kb4 70. Kf4 Kc3 71. Bc5 Kc4 72. Bb6 Kd3 73. Bc5 Ke2 74. Kg3 Ke3 75. Bb6 Ke4 76. Kg4 Rd6 77. Ba7 Ra6 78. Bb6 Ra8 79. Kg3 Kf5 80. Kh4 Kf4 81. Kh3 Kxg5 82. Kg3 Kf5 83. Kf3 g5 84. Kg3 Rc8 85. Bc5 Rc6 86. Kf3 Re6 87. Bb6 Rh6 88. Kg3 Rc6 89. Bc5 g4 90. Kf2 Kf4 91. Kg2 Re6 0-1

[Event "12th Rubinstein Memorial"]
[Site "Polanica Zdroj POL"]
[Date "1974.08.13"]
[Round "6"]
[White "Schmidt, Wlodzimierz"]
[Black "Farago, Ivan"]
[WhiteElo "2500"]
[BlackElo "2475"]
[Result "1/2-1/2"]
[EventDate "1974.08.07"]
[PlyCount "27"]
1. Nf3 Nf6 2. c4 e6 3. g3 d5 4. Bg2 Be7 5. O-O O-O 6. d4 Nbd7 7. Qc2 c6 8. b3 b5 9. Bf4 bxc4 10. bxc4 Ba6 11. Nbd2 Ba3 12. Ne5 Rc8 13. Ndf3 c5 14. Bd2 1/2-1/2

[Event "12th Rubinstein Memorial"]
[Site "Polanica Zdroj POL"]
[Date "1974.08.14"]
[Round "7"]
[White "Doda, Zbigniew"]
[Black "Adamski, Jan"]
[WhiteElo "2410"]
[BlackElo "2405"]
[Result "1/2-1/2"]
[EventDate "1974.08.07"]
[PlyCount "32"]
1. Nf3 Nf6 2. c4 g6 3. Nc3 Bg7 4. g3 O-O 5. Bg2 d6 6. O-O c6 7. d4 Qa5 8. h3 e5 9. d5 cxd5 10. cxd5 Bd7 11. Nd2 Rc8 12. Nde4 Ne8 13. g4 h6 14. Bd2 Na6 15. Kh1 Qd8 16. f4 f5 1/2-1/2

[Event "12th Rubinstein Memorial"]
[Site "Polanica Zdroj POL"]
[Date "1974.08.14"]
[Round "7"]
[White "Filipowicz, Andrzej"]
[Black "Schmidt, Wlodzimierz"]
[WhiteElo "2430"]
[BlackElo "2500"]
[Result "1/2-1/2"]
[EventDate "1974.08.07"]
[PlyCount "24"]
1. e4 d6 2. d4 Nf6 3. Nc3 g6 4. f4 Bg7 5. Nf3 O-O 6. Be2 c5 7. dxc5 Qa5 8. O-O Qxc5+ 9. Kh1 Nc6 10. Bd3 Bg4 11. Qe1 Nb4 12. Be3 Qh5 1/2-1/2

[Event "12th Rubinstein Memorial"]
[Site "Polanica Zdroj POL"]
[Date "1974.08.14"]
[Round "7"]
[White "Garcia Martinez, Silvino"]
[Black "Sznapik, Aleksander"]
[WhiteElo "2400"]
[BlackElo "2325"]
[Result "1-0"]
[EventDate "1974.08.07"]
[PlyCount "65"]
1. Nf3 g6 2. e4 Bg7 3. d4 d6 4. Be2 Nf6 5. Nc3 O-O 6. O-O c6 7. a4 a5 8. h3 Na6 9. Be3 Nb4 10. Qd2 e5 11. dxe5 dxe5 12. Rad1 Qe7 13. Qc1 Nh5 14. Rfe1 Nf4 15. Bxf4 exf4 16. Bc4 Be6 17. Bxe6 Qxe6 18. Re2 Qc4 19. Nd2 Qe6 20. Nf3 Bxc3 21. bxc3 Qc4 22. Qd2 Na2 23. Ne5 Qxa4 24. Nd7 Qc4 25. Ree1 Nxc3 26. Qxf4 Ne2+ 27. Rxe2 Qxe2 28. Nf6+ Kg7 29. Rd7 Rad8 30. Ng4 Kg8 31. Qh6 Qe1+ 32. Kh2 Qxf2 33. Rxd8 1-0

[Event "12th Rubinstein Memorial"]
[Site "Polanica Zdroj POL"]
[Date "1974.08.14"]
[Round "7"]
[White "Kirov, Nino"]
[Black "Suetin, Alexei"]
[WhiteElo "2465"]
[BlackElo "2505"]
[Result "1/2-1/2"]
[EventDate "1974.08.07"]
[PlyCount "29"]
1. Nf3 Nf6 2. g3 g6 3. Bg2 Bg7 4. O-O O-O 5. c4 d6 6. d4 a6 7. Nc3 Nc6 8. d5 Na5 9. b3 c5 10. dxc6 bxc6 11. Bb2 Rb8 12. Qd2 c5 13. Ng5 h6 14. Nh3 Bb7 15. Nd5 1/2-1/2

[Event "12th Rubinstein Memorial"]
[Site "Polanica Zdroj POL"]
[Date "1974.08.15"]
[Round "8"]
[White "Doda, Zbigniew"]
[Black "Kirov, Nino"]
[WhiteElo "2410"]
[BlackElo "2465"]
[Result "0-1"]
[EventDate "1974.08.07"]
[PlyCount "84"]
1. Nf3 Nf6 2. c4 g6 3. Nc3 Bg7 4. g3 d5 5. cxd5 Nxd5 6. Bg2 c5 7. O-O Nc6 8. Nxd5 Qxd5 9. d3 Qd6 10. Be3 Bxb2 11. Rb1 Bg7 12. Qa4 O-O 13. Rfc1 b6 14. d4 Nxd4 15. Nxd4 cxd4 16. Bf4 e5 17. Bxa8 Bf5 18. Qxa7 Bxb1 19. Rxb1 exf4 20. Be4 d3 21. Bxd3 Bd4 22. Kg2 Qd5+ 23. f3 fxg3 24. hxg3 Bc5 25. Qa4 Qe6 26. Qb3 Qe5 27. Rf1 Rd8 28. Qc2 Rd4 29. a4 Rb4 30. Bb5 h5 31. Qd3 h4 32. f4 Qe7 33. gxh4 Qxh4 34. Qg3 Qf6 35. Rf3 Rb1 36. Rf1 Rb4 37. Rf3 Qe7 38. Kh3 Rb1 39. e3 Qe4 40. Bf1 Bxe3 41. f5 g5 42. Bg2 Bf4 0-1

[Event "12th Rubinstein Memorial"]
[Site "Polanica Zdroj POL"]
[Date "1974.08.15"]
[Round "8"]
[White "Knaak, Rainer"]
[Black "Farago, Ivan"]
[WhiteElo "2515"]
[BlackElo "2475"]
[Result "1/2-1/2"]
[EventDate "1974.08.07"]
[PlyCount "73"]
1. d4 Nf6 2. c4 e6 3. Nc3 Bb4 4. e3 O-O 5. Bd3 d5 6. Nf3 c5 7. O-O dxc4 8. Bxc4 Nbd7 9. Qe2 b6 10. d5 Bxc3 11. dxe6 Ne5 12. exf7+ Kh8 13. bxc3 Bg4 14. e4 Qe7 15. Re1 b5 16. Bxb5 Nh5 17. Bg5 Nxf3+ 18. gxf3 Qxg5 19. fxg4 Nf4 20. Qf3 Rxf7 21. Bc4 Rff8 22. Kh1 Ng6 23. Qg3 Rf4 24. f3 Raf8 25. Be2 Qf6 26. Rac1 Qe6 27. c4 Ne5 28. Rcd1 Kg8 29. Rd5 Nxf3 30. Rf5 Qxe4 31. Bxf3 Qxf3+ 32. Qxf3 Rxf3 33. Rxc5 Rf2 34. Ra5 Rc2 35. Rxa7 h5 36. Kg1 Rff2 37. gxh5 1/2-1/2

[Event "12th Rubinstein Memorial"]
[Site "Polanica Zdroj POL"]
[Date "1974.08.15"]
[Round "8"]
[White "Schmidt, Wlodzimierz"]
[Black "Nicevski, Risto"]
[WhiteElo "2500"]
[BlackElo "2430"]
[Result "1-0"]
[EventDate "1974.08.07"]
[PlyCount "85"]
1. Nf3 g6 2. c4 Bg7 3. d4 c5 4. e4 Qa5+ 5. Bd2 Qb6 6. Nc3 cxd4 7. Nd5 Qd8 8. Bf4 d6 9. Nxd4 e5 10. Nb5 exf4 11. Ndc7+ Ke7 12. c5 dxc5 13. Qxd8+ Kxd8 14. O-O-O+ Bd7 15. Nxa8 Nc6 16. Nd6 Nh6 17. Nxb7+ Ke7 18. Nc7 Rb8 19. Nd5+ Kf8 20. Nxc5 Bxb2+ 21. Kd2 Be8 22. Rb1 Ne5 23. Kc2 Rc8 24. Kxb2 Rxc5 25. Be2 f5 26. Nxf4 Bf7 27. exf5 Nxf5 28. Rhd1 Ra5 29. a3 Ra4 30. Nd5 Rh4 31. h3 Nd4 32. Nc3 Nb3 33. g3 Rxh3 34. Rh1 Rxh1 35. Rxh1 h5 36. Rd1 Na5 37. Rd8+ Kg7 38. a4 g5 39. Ne4 Kg6 40. Nc3 h4 41. Rd6+ Kf5 42. f3 Ng4 43. Ra6 1-0

[Event "12th Rubinstein Memorial"]
[Site "Polanica Zdroj POL"]
[Date "1974.08.15"]
[Round "8"]
[White "Suetin, Alexei"]
[Black "Garcia Martinez, Silvino"]
[WhiteElo "2505"]
[BlackElo "2400"]
[Result "1-0"]
[EventDate "1974.08.07"]
[PlyCount "45"]
1. e4 c5 2. Nf3 d6 3. c3 Nf6 4. Qc2 Bg4 5. d4 Nbd7 6. d5 Bxf3 7. gxf3 g6 8. Be3 Bg7 9. Be2 O-O 10. Nd2 Re8 11. f4 e6 12. dxe6 Rxe6 13. O-O-O Qa5 14. f5 Re7 15. fxg6 hxg6 16. Nc4 Qxa2 17. Nxd6 b5 18. f4 b4 19. Bc4 Qa1+ 20. Kd2 Qa5 21. e5 Rd8 22. Ke2 Qc7 23. Qxg6 1-0

[Event "12th Rubinstein Memorial"]
[Site "Polanica Zdroj POL"]
[Date "1974.08.15"]
[Round "8"]
[White "Sznapik, Aleksander"]
[Black "Barczay, Laszlo"]
[WhiteElo "2325"]
[BlackElo "2440"]
[Result "1/2-1/2"]
[EventDate "1974.08.07"]
[PlyCount "40"]
1. e4 e5 2. Nf3 Nc6 3. Bb5 a6 4. Ba4 b5 5. Bb3 Na5 6. O-O d6 7. d4 Nxb3 8. axb3 exd4 9. Nxd4 Bb7 10. Nc3 Ne7 11. Re1 Qd7 12. Nd5 Nxd5 13. exd5+ Be7 14. Nc6 Bxc6 15. dxc6 Qxc6 16. Bg5 f6 17. Qh5+ g6 18. Qh6 O-O-O 19. Rxe7 fxg5 20. Qxg5 Rhe8 1/2-1/2